000 00366nam a2200133Ia 4500
008 240624s9999 xx 000 0 und d
041 _aeng
082 _a658.3125 ARM
100 _aARMSTRONG MICHAEL
245 _aPERFORMANCE MANAGEMENT A STRATEGIC AND I
260 _c2007
_aMumbai
_bJaico Publishing House
300 _axiii, : 466 : p. : cm. ; 24
365 _cRS
_b30
999 _c8263
_d8263